000 00259nam a22001097a 4500
082 _a823
_bJOH/B
100 _aJOHNSON, CROCKETT
245 _aTHE BLUE RIBBON PUPPIES
260 _aNEW YORK
_bSCHOLASTIC INC
650 _aENGLISH STORY
_zUNITED STATES
942 _cBK
999 _c7570
_d7570